Departement égyptien : album, édition de la Fondation égyptologique reine Elisabeth /

محفوظ في:

مؤلف مشترك: Musées royaux d'art et d'histoire (Belgium)

مؤلفون آخرون: Werbrouck, Marcelle.

التنسيق: كتاب

اللغة: French

منشور في: [Bruxelles] : Fondation Egyptologique Reine Elisabeth, 1934.

الموضوعات:

الوسوم: إضافة وسم

لا توجد وسوم, كن أول من يضع وسما على هذه التسجيلة!

رقم الطلب: DT59 .B78 W77 1934

LEADER 00723namaa2200217 4500
001 13441
003 OSt
005 20260510121015.0
008 130303s1934 be f 000 0 fre d
040 |c ARCE Library 
050 4 |a DT59 .B78 W77 1934 
110 2 |a Musées royaux d'art et d'histoire (Belgium)  
245 1 0 |a Departement égyptien :   |b album, édition de la Fondation égyptologique reine Elisabeth /   |c [préface de M. Werbrouck]. 
264 1 |a [Bruxelles] :   |b Fondation Egyptologique Reine Elisabeth,   |c 1934. 
300 |a [1]+8 pages :  |b 100 plates ;  |c 24 cm. 
650 0 |a Art  |z Egypt. 
651 0 |a Egypt  |x Antiquities 
700 1 |a Werbrouck, Marcelle.  |9 42078 
901 |a reviewed 
942 |c BK  |2 lcc 
999 |c 13332  |d 13332